[Event "Budapest FS11 FM"]
[Site "Budapest"]
[Date "2017.11.13"]
[Round "9"]
[White "Takacs, Zsolt Otto"]
[Black "Eperjesi, Laszlo"]
[Result "0-1"]
[WhiteElo "1785"]
[BlackElo "2093"]
[PlyCount "94"]
[EventDate "2017.11.04"]
[EventType "tourn"]
[EventRounds "10"]
[EventCountry "HUN"]
[SourceTitle "CBM 181 Extra"]
[Source "ChessBase"]
[SourceDate "2017.12.12"]
[SourceVersion "1"]
[SourceVersionDate "2017.12.12"]
[SourceQuality "1"]

1. e4 c6 2. Ne2 d5 3. e5 g6 4. d4 Bg7 5. Nf4 Na6 6. g4 Nc7 7. h4 Ne6 8. h5 Qb6 9. Nxe6 Bxe6 10. hxg6 hxg6 11. Rxh8 Bxh8 12. f4 Bg7 13. Nc3 Nh6 14. Be2 0-0-0 15. Na4 Qa5+ 16. c3 Rh8 17. b4 Qd8 18. Nc5 Nxg4 19. Qa4 Rh1+ 20. Kd2 Nf2 21. Bf3 Rh3 22. Qxa7 Qc7 23. Qa8+ Qb8 24. Qxb8+ Kxb8 25. Nxe6 fxe6 26. Ke2 Rh2 27. a4 Nh3+ 28. Kd3 Bh6 29. Bg4 Nxf4+ 30. Bxf4 Bxf4 31. c4 Rd2+ 32. Kc3 dxc4 33. Bxe6 Be3 34. Re1 Rd3+ 35. Kc2 Bxd4 36. Rd1 Rxd1 37. Kxd1 c3 38. Bf7 g5 39. e6 g4 40. Bg6 g3 41. Be4 Kc7 42. Kc2 Kd6 43. Kd3 Kxe6 44. b5 cxb5 45. axb5 b6 46. Kxd4 c2 47. Bxc2 g2 0-1

[Event "Budapest FS11 FM"]
[Site "Budapest"]
[Date "2017.11.07"]
[Round "4"]
[White "Eperjesi, Laszlo"]
[Black "Takacs, Zsolt Otto"]
[Result "1/2-1/2"]
[WhiteElo "2093"]
[BlackElo "1785"]
[PlyCount "84"]
[EventDate "2017.11.04"]
[EventType "tourn"]
[EventRounds "10"]
[EventCountry "HUN"]
[SourceTitle "CBM 181 Extra"]
[Source "ChessBase"]
[SourceDate "2017.12.12"]
[SourceVersion "1"]
[SourceVersionDate "2017.12.12"]
[SourceQuality "1"]

1. Nf3 Nf6 2. d4 g6 3. Bg5 Ne4 4. Bh4 d5 5. e3 Bg7 6. Nbd2 Nxd2 7. Qxd2 0-0 8. Bd3 c5 9. c3 cxd4 10. exd4 Nc6 11. h3 Qb6 12. Bg3 f6 13. 0-0-0 e5 14. dxe5 fxe5 15. Bc2 Be6 16. Bb3 Rad8 17. Ng5 Na5 18. Nxe6 Nxb3+ 19. axb3 Qxe6 20. f3 d4 21. Qc2 Rc8 22. Rd3 e4 23. fxe4 dxc3 24. bxc3 Bxc3 25. Rxc3 Rxc3 26. Qxc3 Rc8 27. Bc7 Qf7 28. Kb2 Rxc7 29. Qd4 b6 30. Rd1 Qe7 31. e5 Rc5 32. Qd8+ Qxd8 33. Rxd8+ Kf7 34. Rd7+ Ke6 35. Rxh7 Rxe5 36. Rxa7 Re2+ 37. Ka3 Rxg2 38. Ra6 Rh2 39. Rxb6+ Kf5 40. Rb5+ Kf6 41. Rb4 Rxh3 42. Rb6+ Kf5 1/2-1/2

[Event "Budapest FS10 Development"]
[Site "Budapest"]
[Date "2017.10.16"]
[Round "9"]
[White "Lakat, Gyula"]
[Black "Takacs, Zsolt Otto"]
[Result "0-1"]
[WhiteElo "1698"]
[BlackElo "1813"]
[PlyCount "49"]
[EventDate "2017.10.07"]
[EventType "tourn"]
[EventRounds "10"]
[EventCountry "HUN"]
[SourceTitle "CBM 181 Extra"]
[Source "ChessBase"]
[SourceDate "2017.12.12"]
[SourceVersion "1"]
[SourceVersionDate "2017.12.12"]
[SourceQuality "1"]

1. e4 c5 2. Nf3 d6 3. Bb5+ Bd7 4. Bxd7+ Qxd7 5. 0-0 Nc6 6. c3 g6 7. d4 cxd4 8. cxd4 Bg7 9. Nc3 e6 10. Re1 Nge7 11. Be3 0-0 12. Qd2 Na5 13. b3 Rac8 14. Rac1 a6 15. Bh6 Nac6 16. Bxg7 Kxg7 17. d5 exd5 18. exd5 Nb8 19. Qd4+ f6 20. Ng5 Nf5 21. Qd2 fxg5 22. Qxg5 Rfe8 23. Rxe8 Qxe8 24. Qd2 Qe5 25. Re1 0-1

[Event "Budapest FS10 Development"]
[Site "Budapest"]
[Date "2017.10.15"]
[Round "8"]
[White "Takacs, Zsolt Otto"]
[Black "Szurkos, Andras"]
[Result "1/2-1/2"]
[WhiteElo "1813"]
[BlackElo "1624"]
[PlyCount "63"]
[EventDate "2017.10.07"]
[EventType "tourn"]
[EventRounds "10"]
[EventCountry "HUN"]
[SourceTitle "CBM 181 Extra"]
[Source "ChessBase"]
[SourceDate "2017.12.12"]
[SourceVersion "1"]
[SourceVersionDate "2017.12.12"]
[SourceQuality "1"]

1. e4 e5 2. Nf3 f5 3. Nc3 fxe4 4. Nxe4 d5 5. Ng3 e4 6. Nd4 Nf6 7. d3 Bc5 8. dxe4 dxe4 9. c3 Bg4 10. Qa4+ Bd7 11. Bb5 a6 12. Bxd7+ Qxd7 13. Qb3 Bxd4 14. cxd4 Nc6 15. d5 Nd4 16. Qc4 Qxd5 17. Qxd5 Nxd5 18. 0-0 0-0-0 19. Bg5 Nf6 20. Rae1 Rhe8 21. Bxf6 gxf6 22. Nxe4 Nc2 23. Rc1 Rxe4 24. Rxc2 Ra4 25. b3 Rad4 26. f3 Rd2 27. Rxd2 Rxd2 28. Rf2 Rd1+ 29. Rf1 Rd2 30. Rf2 Rd1+ 31. Rf1 Rd2 32. Rf2 1/2-1/2

[Event "Budapest FS10 Development"]
[Site "Budapest"]
[Date "2017.10.13"]
[Round "6"]
[White "Takacs, Zsolt Otto"]
[Black "Tarimo, Didik Widiarso"]
[Result "0-1"]
[WhiteElo "1813"]
[BlackElo "1673"]
[PlyCount "66"]
[EventDate "2017.10.07"]
[EventType "tourn"]
[EventRounds "10"]
[EventCountry "HUN"]
[SourceTitle "CBM 181 Extra"]
[Source "ChessBase"]
[SourceDate "2017.12.12"]
[SourceVersion "1"]
[SourceVersionDate "2017.12.12"]
[SourceQuality "1"]

1. e4 e6 2. d4 d5 3. Nc3 Bb4 4. e5 c5 5. a3 Bxc3+ 6. bxc3 Qa5 7. Bd2 Qa4 8. Ne2 Nc6 9. Be3 c4 10. g3 Bd7 11. Bg2 0-0-0 12. 0-0 Kb8 13. f4 g6 14. g4 h5 15. h3 Nge7 16. g5 a6 17. Qb1 Rc8 18. h4 Rhe8 19. Nc1 Ka8 20. Na2 Nb8 21. Nb4 a5 22. Qb2 Rc7 23. Rab1 Bc8 24. Bf2 Qd7 25. Na2 Rc6 26. Qb5 Ra6 27. Qxd7 Bxd7 28. Rb2 b6 29. Rfb1 Kb7 30. Kf1 Nbc6 31. Ke1 Na7 32. Ra1 Nb5 33. Nc1 Nxc3 0-1

[Event "Budapest FS10 Development"]
[Site "Budapest"]
[Date "2017.10.10"]
[Round "4"]
[White "Takacs, Zsolt Otto"]
[Black "Lakat, Gyula"]
[Result "1/2-1/2"]
[WhiteElo "1813"]
[BlackElo "1698"]
[PlyCount "150"]
[EventDate "2017.10.07"]
[EventType "tourn"]
[EventRounds "10"]
[EventCountry "HUN"]
[SourceTitle "CBM 181 Extra"]
[Source "ChessBase"]
[SourceDate "2017.12.12"]
[SourceVersion "1"]
[SourceVersionDate "2017.12.12"]
[SourceQuality "1"]

1. e4 c6 2. d4 d5 3. Nc3 dxe4 4. Nxe4 Nd7 5. Nf3 Ngf6 6. Bd3 Nxe4 7. Bxe4 Nf6 8. Bd3 Bg4 9. c3 Qd5 10. Be2 e6 11. h3 Bf5 12. 0-0 Be7 13. Ne5 0-0 14. Bc4 Qd8 15. g4 Bg6 16. h4 Nd5 17. h5 f6 18. hxg6 fxe5 19. gxh7+ Kh8 20. dxe5 Bg5 21. Bxd5 cxd5 22. f4 Qb6+ 23. Kg2 Be7 24. g5 Rf5 25. Qe2 d4 26. cxd4 Qxd4 27. Be3 Qa4 28. g6 Raf8 29. a3 b6 30. Rac1 Qe4+ 31. Qf3 Rg5+ 32. Kf2 Qxf3+ 33. Kxf3 Rxg6 34. Rc7 Bc5 35. Bxc5 bxc5 36. Rh1 Rg5 37. Ke4 Rgf5 38. Rh4 g5 39. fxg5 Rxg5 40. Rxc5 Rg2 41. Rb5 Rg7 42. Rc5 Rd7 43. Rc6 Rfd8 44. Rc4 a5 45. Rh6 Rg7 46. Rh4 Rg1 47. b4 axb4 48. axb4 Re1+ 49. Kf3 Rxe5 50. Rce4 Rd3+ 51. Ke2 Rdd5 52. Rxe5 Rxe5+ 53. Kd3 Rd5+ 54. Kc4 Rd8 55. Kc5 e5 56. b5 Re8 57. b6 e4 58. b7 e3 59. Kc6 e2 60. Rh1 e1Q 61. Rxe1 Rxe1 62. b8Q+ Kxh7 63. Qg3 Re6+ 64. Kd5 Rg6 65. Qh4+ Kg7 66. Ke5 Kf7 67. Qh5 Kg7 68. Kf5 Ra6 69. Qg4+ Kh7 70. Qb4 Ra7 71. Qb6 Rf7+ 72. Kg5 Rg7+ 73. Kh5 Kg8 74. Qf6 Rh7+ 75. Kg5 Rg7+ 1/2-1/2

[Event "Budapest FS10 Development"]
[Site "Budapest"]
[Date "2017.10.08"]
[Round "2"]
[White "Takacs, Zsolt Otto"]
[Black "Bogad, Peter"]
[Result "1-0"]
[WhiteElo "1813"]
[BlackElo "1922"]
[PlyCount "87"]
[EventDate "2017.10.07"]
[EventType "tourn"]
[EventRounds "10"]
[EventCountry "HUN"]
[SourceTitle "CBM 181 Extra"]
[Source "ChessBase"]
[SourceDate "2017.12.12"]
[SourceVersion "1"]
[SourceVersionDate "2017.12.12"]
[SourceQuality "1"]

1. e4 c5 2. Nf3 d6 3. d4 cxd4 4. Nxd4 Nf6 5. Nc3 a6 6. Bc4 b5 7. Bb3 b4 8. Nd5 Nxe4 9. Qf3 Nc5 10. Nxb4 Nxb3 11. Qxa8 Nxa1 12. Qxb8 Bd7 13. Qxd8+ Kxd8 14. Kd1 e5 15. Ne2 Bf5 16. Nd3 d5 17. Nxe5 Bxc2+ 18. Kd2 Bb4+ 19. Nc3 Kc7 20. Nd3 a5 21. Nxb4 axb4 22. Nxd5+ Kb7 23. Nxb4 Rd8+ 24. Ke2 Ba4 25. b3 Bb5+ 26. Kf3 Rc8 27. Re1 Nc2 28. Re7+ Ka8 29. Bd2 Nd4+ 30. Ke4 Rd8 31. Bc3 Ne6 32. f4 g6 33. Rxf7 g5 34. f5 Nf4 35. g3 Ne2 36. Bf6 Rb8 37. Be5 Rc8 38. a4 Nc3+ 39. Kd4 Ne2+ 40. Kd5 Rd8+ 41. Kc5 Be8 42. Rc7 Nc1 43. Kb6 Rb8+ 44. Ka6 1-0

[Event "Budapest FS10 Development"]
[Site "Budapest"]
[Date "2017.10.07"]
[Round "1"]
[White "Tarimo, Didik Widiarso"]
[Black "Takacs, Zsolt Otto"]
[Result "1/2-1/2"]
[WhiteElo "1673"]
[BlackElo "1813"]
[PlyCount "120"]
[EventDate "2017.10.07"]
[EventType "tourn"]
[EventRounds "10"]
[EventCountry "HUN"]
[SourceTitle "CBM 181 Extra"]
[Source "ChessBase"]
[SourceDate "2017.12.12"]
[SourceVersion "1"]
[SourceVersionDate "2017.12.12"]
[SourceQuality "1"]

1. g3 Nf6 2. c4 g6 3. Bg2 Bg7 4. Nc3 c5 5. e3 Nc6 6. Nge2 d6 7. a3 0-0 8. d3 Bd7 9. 0-0 Qc8 10. Re1 Bh3 11. Bh1 e5 12. Rb1 h5 13. b4 cxb4 14. axb4 h4 15. b5 Ne7 16. Ba3 Rd8 17. Qb3 Rb8 18. Bb4 Qg4 19. e4 Bh6 20. Nd1 Nh5 21. d4 exd4 22. Nxd4 hxg3 23. fxg3 Bg7 24. Ne2 Be5 25. Nf2 Qe6 26. Rbd1 Rbc8 27. Nxh3 Qxh3 28. c5 dxc5 29. Rxd8+ Rxd8 30. Bxc5 Nc8 31. Qa3 b6 32. Bb4 Nf6 33. Bg2 Qd7 34. Bc3 Bd6 35. Qb2 Bc5+ 36. Kh1 Ng4 37. h3 Nf2+ 38. Kh2 Nd3 39. Qd2 Nxe1 40. Qh6 f6 41. Bxf6 Qh7 42. Qxh7+ Kxh7 43. Bxd8 Nd6 44. e5 Nxg2 45. Kxg2 Nxb5 46. Kf3 a5 47. Ke4 Kg8 48. Kd5 Kf7 49. h4 a4 50. Kc4 a3 51. Kb3 Nd4+ 52. Nxd4 Bxd4 53. Bf6 Bb2 54. g4 Ke6 55. Bg7 b5 56. h5 gxh5 57. gxh5 Bxe5 58. Bf8 Bb2 59. h6 Kf7 60. Bxa3 Bxa3 1/2-1/2

[Event "Budapest FS09 FM"]
[Site "Budapest"]
[Date "2016.09.11"]
[Round "9"]
[White "Takacs, Zsolt Otto"]
[Black "Ditze, Thomas"]
[Result "0-1"]
[WhiteElo "1797"]
[BlackElo "1896"]
[PlyCount "48"]
[EventDate "2016.09.03"]
[EventType "tourn"]
[EventRounds "10"]
[EventCountry "HUN"]
[SourceTitle "CBM 174 Extra"]
[Source "ChessBase"]
[SourceDate "2016.10.10"]
[SourceVersion "1"]
[SourceVersionDate "2016.10.10"]
[SourceQuality "1"]

1. e4 c6 2. d4 d5 3. e5 c5 4. c3 Nc6 5. Be3 Qb6 6. Qd2 cxd4 7. cxd4 Bf5 8. a3 e6 9. Nf3 Bxb1 10. Rxb1 Bxa3 11. Qd3 Bb4+ 12. Bd2 Nge7 13. Be2 Bxd2+ 14. Kxd2 Qb4+ 15. Qc3 0-0 16. g4 Rfc8 17. Bd3 Ng6 18. h4 a5 19. Ke3 Qb6 20. h5 Ngxe5 21. Bxh7+ Kxh7 22. Qc2+ Kg8 23. Ng5 Qxd4+ 24. Ke2 Qxg4+ 0-1

[Event "Budapest FS09 FM"]
[Site "Budapest"]
[Date "2016.09.08"]
[Round "6"]
[White "Takacs, Zsolt Otto"]
[Black "Reh, Philipp"]
[Result "1/2-1/2"]
[WhiteElo "1797"]
[BlackElo "2024"]
[PlyCount "74"]
[EventDate "2016.09.03"]
[EventType "tourn"]
[EventRounds "10"]
[EventCountry "HUN"]
[SourceTitle "CBM 174 Extra"]
[Source "ChessBase"]
[SourceDate "2016.10.10"]
[SourceVersion "1"]
[SourceVersionDate "2016.10.10"]
[SourceQuality "1"]

1. e4 d6 2. d4 c6 3. Nc3 Nf6 4. f4 g6 5. e5 Nd5 6. Ne4 Bg7 7. h4 h5 8. Be2 Bf5 9. Ng3 e6 10. Nxf5 exf5 11. Nf3 Na6 12. c4 Ndc7 13. Qb3 Rb8 14. Ng5 dxe5 15. dxe5 Qe7 16. Bd2 Ne6 17. Nxe6 fxe6 18. Qg3 Kf7 19. 0-0 Nc5 20. Be3 Rhd8 21. Rfd1 Ne4 22. Qe1 b6 23. g3 Bf8 24. a3 Qc7 25. b4 a5 26. Bf3 axb4 27. axb4 Rxd1 28. Rxd1 Rd8 29. Bxe4 fxe4 30. Rxd8 Qxd8 31. Qd2 Qd3 32. Qxd3 exd3 33. Bd2 b5 34. c5 Be7 35. Kf2 Bd8 36. Ke3 Be7 37. Kxd3 Bd8 1/2-1/2

[Event "Budapest FS09 FM"]
[Site "Budapest"]
[Date "2016.09.03"]
[Round "1"]
[White "Reh, Philipp"]
[Black "Takacs, Zsolt Otto"]
[Result "1/2-1/2"]
[WhiteElo "2024"]
[BlackElo "1797"]
[PlyCount "77"]
[EventDate "2016.09.03"]
[EventType "tourn"]
[EventRounds "10"]
[EventCountry "HUN"]
[SourceTitle "CBM 174 Extra"]
[Source "ChessBase"]
[SourceDate "2016.10.10"]
[SourceVersion "1"]
[SourceVersionDate "2016.10.10"]
[SourceQuality "1"]

1. Nf3 Nf6 2. g3 g6 3. Bg2 d5 4. 0-0 Bg7 5. c4 dxc4 6. Qa4+ c6 7. Qxc4 0-0 8. d3 Be6 9. Qc2 h6 10. Nbd2 Qc8 11. Nc4 Bh3 12. Bd2 Bxg2 13. Kxg2 Nbd7 14. Na5 c5 15. e4 b6 16. Nc4 Qb7 17. a4 Rac8 18. Bc3 a6 19. Rfe1 g5 20. h3 b5 21. Ncd2 b4 22. Bxf6 Nxf6 23. Nc4 Nd7 24. Qe2 Nb6 25. Nxb6 Qxb6 26. h4 g4 27. Nd2 h5 28. Nc4 Qc6 29. Kg1 e6 30. Qe3 e5 31. Qg5 Qg6 32. Qxg6 fxg6 33. Ne3 Rf3 34. Rad1 Bf8 35. b3 Kf7 36. Nc4 Ke6 37. Re3 Rf7 38. Re2 Bh6 39. Nb6 1/2-1/2

[Event "Budapest FS05 FM-B"]
[Site "Budapest"]
[Date "2015.05.11"]
[Round "9"]
[White "Szurkos, Andras"]
[Black "Takacs, Zsolt Otto"]
[Result "1/2-1/2"]
[WhiteElo "1741"]
[BlackElo "1776"]
[PlyCount "118"]
[EventDate "2015.05.02"]
[EventType "tourn"]
[EventRounds "9"]
[EventCountry "HUN"]
[SourceTitle "CBM 166 Extra"]
[Source "ChessBase"]
[SourceDate "2015.06.18"]
[SourceVersion "1"]
[SourceVersionDate "2015.06.18"]
[SourceQuality "1"]

1. e4 c5 2. d4 cxd4 3. Nf3 d6 4. Nxd4 Nf6 5. Nc3 a6 6. Bd3 e5 7. Nf3 h6 8. Bc4 Be7 9. 0-0 0-0 10. h3 b5 11. Bd5 Ra7 12. Be3 Rd7 13. b4 Qc7 14. Qd2 Kh7 15. a4 bxa4 16. Nxa4 Nxd5 17. exd5 Bb7 18. Rfc1 f5 19. c4 Qd8 20. Nb6 Rc7 21. c5 f4 22. Qd3+ g6 23. cxd6 Rxc1+ 24. Rxc1 Bxd6 25. Bc5 Re8 26. Nd2 Bc7 27. Ndc4 Nd7 28. Nxd7 Qxd7 29. d6 f3 30. g4 Bd8 31. Nb6 Qe6 32. Qc4 Qf6 33. Nd5 Qh4 34. Kh2 Bg5 35. Rg1 Bxd5 36. Qxd5 Bf4+ 37. Rg3 Bxg3+ 38. fxg3 Qf6 39. Bf2 Rd8 40. Qb7+ Kh8 41. Qxa6 Qxd6 42. Qxd6 Rxd6 43. g5 hxg5 44. g4 Rd2 45. Kg3 e4 46. b5 e3 47. Bxe3 Rb2 48. b6 Kg8 49. Kxf3 Kf7 50. Ke4 Ke6 51. Bxg5 Rxb6 52. h4 Rb4+ 53. Kf3 Ke5 54. h5 gxh5 55. gxh5 Kf5 56. Be3 Rb3 57. h6 Kg6 58. Ke4 Rxe3+ 59. Kxe3 Kxh6 1/2-1/2

[Event "Budapest FS05 FM-B"]
[Site "Budapest"]
[Date "2015.05.10"]
[Round "8"]
[White "Takacs, Zsolt Otto"]
[Black "Oberfrank, Istvan1111"]
[Result "1/2-1/2"]
[WhiteElo "1776"]
[BlackElo "1734"]
[PlyCount "25"]
[EventDate "2015.05.02"]
[EventType "tourn"]
[EventRounds "9"]
[EventCountry "HUN"]
[SourceTitle "CBM 166 Extra"]
[Source "ChessBase"]
[SourceDate "2015.06.18"]
[SourceVersion "1"]
[SourceVersionDate "2015.06.18"]
[SourceQuality "1"]

1. e4 e6 2. d4 d5 3. Nc3 Bb4 4. e5 c5 5. a3 Bxc3+ 6. bxc3 Nc6 7. Nf3 Qa5 8. Bd2 Qa4 9. Be2 cxd4 10. cxd4 Nxd4 11. Nxd4 Qxd4 12. Be3 Qxd1+ 13. Rxd1 1/2-1/2

[Event "Budapest FS05 FM-B"]
[Site "Budapest"]
[Date "2015.05.04"]
[Round "3"]
[White "Takacs, Zsolt Otto"]
[Black "Demeter, Dorina"]
[Result "1-0"]
[WhiteElo "1776"]
[BlackElo "1635"]
[PlyCount "73"]
[EventDate "2015.05.02"]
[EventType "tourn"]
[EventRounds "9"]
[EventCountry "HUN"]
[SourceTitle "CBM 166 Extra"]
[Source "ChessBase"]
[SourceDate "2015.06.18"]
[SourceVersion "1"]
[SourceVersionDate "2015.06.18"]
[SourceQuality "1"]

1. e4 c5 2. Nf3 e6 3. d4 cxd4 4. Nxd4 Nc6 5. c4 Nf6 6. Nc3 Bb4 7. Nxc6 bxc6 8. Bd3 e5 9. 0-0 0-0 10. Bg5 d6 11. Rc1 a5 12. Na4 Be6 13. a3 Bc5 14. Nxc5 dxc5 15. Qe2 Qe7 16. f4 h6 17. Bh4 exf4 18. e5 g5 19. exf6 Qxf6 20. Be1 Qd4+ 21. Bf2 Qd6 22. Rcd1 Qe7 23. Qe4 f5 24. Qe5 Qf6 25. Rfe1 Qxe5 26. Rxe5 Rfe8 27. Rde1 Bd7 28. Bxc5 Rxe5 29. Rxe5 Rd8 30. Bb6 Rb8 31. c5 Kf7 32. Bc4+ Kf6 33. Re2 a4 34. Ba5 g4 35. Bc3+ Kg6 36. Re7 Bc8 37. Rg7+ 1-0

[Event "Budapest FS03 FM-B"]
[Site "Budapest"]
[Date "2015.03.16"]
[Round "9"]
[White "Oberfrank, Istvan1111"]
[Black "Takacs, Zsolt Otto"]
[Result "0-1"]
[WhiteElo "1787"]
[BlackElo "1785"]
[PlyCount "56"]
[EventDate "2015.03.07"]
[EventType "tourn"]
[EventRounds "9"]
[EventCountry "HUN"]
[SourceTitle "CBM 165 Extra"]
[Source "ChessBase"]
[SourceDate "2015.04.21"]
[SourceVersion "1"]
[SourceVersionDate "2015.04.21"]
[SourceQuality "1"]

1. e4 c5 2. Nf3 d6 3. d4 cxd4 4. Nxd4 Nf6 5. Bd3 a6 6. c4 e6 7. Nc3 Be7 8. 0-0 0-0 9. Kh1 b6 10. f4 Bb7 11. Be3 Nbd7 12. Nb3 h6 13. Qf3 Qc7 14. Rad1 Rac8 15. Qh3 Nh7 16. Rf3 e5 17. Rg3 exf4 18. Bxf4 Ng5 19. Bxg5 Bxg5 20. Rxg5 hxg5 21. e5 g6 22. exd6 Qd8 23. Qg3 Re8 24. Nd2 Ne5 25. Be4 Bxe4 26. Ndxe4 Re6 27. Nxg5 Rxd6 28. Rxd6 Qxd6 0-1

[Event "Budapest FS03 FM-B"]
[Site "Budapest"]
[Date "2015.03.09"]
[Round "3"]
[White "Gruz, Janos"]
[Black "Takacs, Zsolt Otto"]
[Result "1/2-1/2"]
[WhiteElo "1797"]
[BlackElo "1785"]
[PlyCount "24"]
[EventDate "2015.03.07"]
[EventType "tourn"]
[EventRounds "9"]
[EventCountry "HUN"]
[SourceTitle "CBM 165 Extra"]
[Source "ChessBase"]
[SourceDate "2015.04.21"]
[SourceVersion "1"]
[SourceVersionDate "2015.04.21"]
[SourceQuality "1"]

1. d4 d5 2. Nf3 Nf6 3. Bf4 e6 4. Nbd2 Bd6 5. Bg3 Bxg3 6. hxg3 c6 7. c3 Qb6 8. Qb3 Qxb3 9. axb3 0-0 10. e3 b6 11. Bd3 Bb7 12. Ke2 Nbd7 1/2-1/2

[Event "Budapest FS03 FM-B"]
[Site "Budapest"]
[Date "2015.03.08"]
[Round "2"]
[White "Takacs, Zsolt Otto"]
[Black "Nemeth, Otto"]
[Result "1-0"]
[WhiteElo "1785"]
[BlackElo "1666"]
[PlyCount "71"]
[EventDate "2015.03.07"]
[EventType "tourn"]
[EventRounds "9"]
[EventCountry "HUN"]
[SourceTitle "CBM 165 Extra"]
[Source "ChessBase"]
[SourceDate "2015.04.21"]
[SourceVersion "1"]
[SourceVersionDate "2015.04.21"]
[SourceQuality "1"]

1. e4 c5 2. Nf3 d6 3. d4 cxd4 4. Nxd4 Nc6 5. Nc3 Nf6 6. f3 g6 7. Be3 Bg7 8. Qd2 0-0 9. 0-0-0 Bd7 10. g4 Nxd4 11. Bxd4 h6 12. h4 Nh7 13. Be3 Qa5 14. Bd4 Be6 15. Bxg7 Kxg7 16. Qd4+ f6 17. a3 Rac8 18. Nd5 Bxd5 19. exd5 Qc5 20. Qe4 Rf7 21. Bd3 Nf8 22. f4 f5 23. gxf5 gxf5 24. Rhg1+ Kh8 25. Qg2 Nh7 26. Bxf5 Rcf8 27. Be6 Nf6 28. Bxf7 Rxf7 29. Qg6 Rh7 30. Rd3 Qc8 31. Rdg3 Qf8 32. Qf5 Rf7 33. Rc3 Ne8 34. Qh3 Rxf4 35. Rc8 Rf3 36. Rxe8 1-0

[Event "Budapest FS02 FM-B"]
[Site "Budapest"]
[Date "2015.02.15"]
[Round "8"]
[White "Takacs, Zsolt Otto"]
[Black "Csontos, David"]
[Result "1-0"]
[WhiteElo "1753"]
[BlackElo "1591"]
[PlyCount "51"]
[EventDate "2015.02.07"]
[EventType "tourn"]
[EventRounds "9"]
[EventCountry "HUN"]
[SourceTitle "CBM 164 Extra"]
[Source "ChessBase"]
[SourceDate "2015.03.02"]
[SourceVersion "1"]
[SourceVersionDate "2015.03.02"]
[SourceQuality "1"]

1. e4 c5 2. Nf3 Nc6 3. d4 cxd4 4. Nxd4 Nf6 5. Nc3 e5 6. Ndb5 d6 7. Bg5 a6 8. Na3 b5 9. Nd5 Be7 10. Bxf6 Bxf6 11. c3 Bg5 12. g3 Ne7 13. h4 Bh6 14. Bg2 Bb7 15. 0-0 Nxd5 16. exd5 Rc8 17. Qh5 Qf6 18. f4 Qg6 19. Qxg6 hxg6 20. fxe5 Be3+ 21. Kh2 g5 22. Rae1 Bb6 23. exd6+ Kd8 24. Rxf7 Ba8 25. Bh3 Bxd5 26. Rd7# 1-0

[Event "Budapest FS02 FM-B"]
[Site "Budapest"]
[Date "2015.02.14"]
[Round "7"]
[White "Steer, Jozsef"]
[Black "Takacs, Zsolt Otto"]
[Result "1/2-1/2"]
[WhiteElo "1837"]
[BlackElo "1753"]
[PlyCount "26"]
[EventDate "2015.02.07"]
[EventType "tourn"]
[EventRounds "9"]
[EventCountry "HUN"]
[SourceTitle "CBM 164 Extra"]
[Source "ChessBase"]
[SourceDate "2015.03.02"]
[SourceVersion "1"]
[SourceVersionDate "2015.03.02"]
[SourceQuality "1"]

1. e4 c5 2. Nf3 d6 3. d4 cxd4 4. Nxd4 Nf6 5. Nc3 a6 6. Bg5 e6 7. f4 b5 8. e5 dxe5 9. fxe5 Qc7 10. exf6 Qe5+ 11. Be2 Qxg5 12. fxg7 Bxg7 13. 0-0 0-0 1/2-1/2

[Event "Budapest FS02 FM-B"]
[Site "Budapest"]
[Date "2015.02.13"]
[Round "6"]
[White "Takacs, Zsolt Otto"]
[Black "Geher, Koppany"]
[Result "1/2-1/2"]
[WhiteElo "1753"]
[BlackElo "1488"]
[PlyCount "45"]
[EventDate "2015.02.07"]
[EventType "tourn"]
[EventRounds "9"]
[EventCountry "HUN"]
[SourceTitle "CBM 164 Extra"]
[Source "ChessBase"]
[SourceDate "2015.03.02"]
[SourceVersion "1"]
[SourceVersionDate "2015.03.02"]
[SourceQuality "1"]

1. e4 e6 2. d4 d5 3. Nc3 Nf6 4. e5 Nfd7 5. Be3 c5 6. Nf3 Nc6 7. Be2 cxd4 8. Bxd4 Nxd4 9. Qxd4 Bc5 10. Qg4 0-0 11. h4 Qb6 12. Nd1 Qb4+ 13. Qxb4 Bxb4+ 14. c3 Ba5 15. Bb5 Bc7 16. Bxd7 Bxd7 17. Ne3 Rac8 18. Rd1 Bb5 19. Nd4 Bc6 20. f4 Bb6 21. g4 Ba4 22. Rd2 Rfe8 23. g5 1/2-1/2

[Event "Budapest FS02 FM-B"]
[Site "Budapest"]
[Date "2015.02.07"]
[Round "1"]
[White "Takacs, Zsolt Otto"]
[Black "Hatala, Sandor"]
[Result "0-1"]
[WhiteElo "1753"]
[BlackElo "1839"]
[PlyCount "72"]
[EventDate "2015.02.07"]
[EventType "tourn"]
[EventRounds "9"]
[EventCountry "HUN"]
[SourceTitle "CBM 164 Extra"]
[Source "ChessBase"]
[SourceDate "2015.03.02"]
[SourceVersion "1"]
[SourceVersionDate "2015.03.02"]
[SourceQuality "1"]

1. e4 d6 2. d4 g6 3. h4 Bg7 4. h5 Nd7 5. hxg6 hxg6 6. Rxh8 Bxh8 7. Bc4 Ndf6 8. Nc3 c6 9. a4 a6 10. Qe2 d5 11. exd5 cxd5 12. Bb3 e6 13. Bg5 Ne7 14. 0-0-0 Nh7 15. Bh4 Bd7 16. Nf3 Bc6 17. Rh1 Nf6 18. Bg5 Bg7 19. Ne5 Nf5 20. Qd3 Qc7 21. Nxc6 bxc6 22. f3 Qg3 23. Qd2 Nh5 24. Rh3 Qc7 25. g4 Nxd4 26. gxh5 gxh5 27. Ne2 Nxb3+ 28. cxb3 Qe5 29. f4 Qf5 30. Qc2 Qxc2+ 31. Kxc2 f6 32. Bh4 Rb8 33. Be1 c5 34. Rxh5 Kf7 35. f5 exf5 36. Rxf5 Re8 0-1

[Event "Budapest FS12 FM-B"]
[Site "Budapest"]
[Date "2014.12.11"]
[Round "6"]
[White "Takacs, Zsolt Otto"]
[Black "Di Giovanni, Vilmos"]
[Result "1-0"]
[WhiteElo "1782"]
[BlackElo "1755"]
[PlyCount "51"]
[EventDate "2014.12.06"]
[EventType "tourn"]
[EventRounds "9"]
[EventCountry "HUN"]
[SourceTitle "CBM 163 Extra"]
[Source "ChessBase"]
[SourceDate "2014.12.23"]
[SourceVersion "1"]
[SourceVersionDate "2014.12.23"]
[SourceQuality "1"]

1. e4 b6 2. d4 Bb7 3. Nc3 e6 4. f4 Nf6 5. Bd3 Bb4 6. Qe2 d5 7. e5 Nfd7 8. Qg4 g6 9. Nf3 Qe7 10. Bd2 f5 11. Qg3 Nf8 12. a3 Bxc3 13. Bxc3 Nbd7 14. b4 a6 15. a4 c5 16. bxc5 bxc5 17. dxc5 Nxc5 18. a5 Ne4 19. Bxe4 dxe4 20. Nd4 Nd7 21. 0-0 Kf7 22. Rfb1 Bd5 23. Bb4 Qd8 24. Bd6 h6 25. Ra4 g5 26. c4 1-0